UBT Library

Taking animals seriously : (Record no. 44541)

000 -LEADER
fixed length control field 00849cam a2200265 a 4500
001 - CONTROL NUMBER
control field 2089673
005 - DATE AND TIME OF LATEST TRANSACTION
control field 20180309035408.0
008 - FIXED-LENGTH DATA ELEMENTS--GENERAL INFORMATION
fixed length control field 951030s1996 enk b 001 0 eng
010 ## - LIBRARY OF CONGRESS CONTROL NUMBER
LC control number 95046689
020 ## - INTERNATIONAL STANDARD BOOK NUMBER
International Standard Book Number 052156140X (hc)
020 ## - INTERNATIONAL STANDARD BOOK NUMBER
International Standard Book Number 0521567602 (pbk.)
035 ## - SYSTEM CONTROL NUMBER
System control number (DLC)2089673
035 ## - SYSTEM CONTROL NUMBER
System control number (DLC)95046689
040 ## - CATALOGING SOURCE
Original cataloging agency DLC
Transcribing agency DLC
Modifying agency DLC
041 ## - LANGUAGE CODE
Language code of text/sound track or separate title eng
080 ## - UNIVERSAL DECIMAL CLASSIFICATION NUMBER
Universal Decimal Classification number 179.3
082 00 - DEWEY DECIMAL CLASSIFICATION NUMBER
Classification number 179.3 DEG
Edition number 20
100 1# - Rafti
Rafti 50
101 ## - Shkurtesa
Shkurtesa SOC
245 10 - TITLE STATEMENT
Title Taking animals seriously :
Statement of responsibility, etc David DeGrazia.
504 ## - BIBLIOGRAPHY, ETC. NOTE
Bibliography, etc Includes bibliographical references and index.
906 ## - LOCAL DATA ELEMENT F, LDF (RLIN)
a 7
b cbc
c orignew
d 1
e ocip
f 19
g y-gencatlg
942 ## - ADDED ENTRY ELEMENTS (KOHA)
Source of classification or shelving scheme
Item type Books
Holdings
Withdrawn status Lost status Source of classification or shelving scheme Damaged status Not for loan Collection code Permanent location Current location Shelving location Date acquired Total Checkouts Full call number Barcode Date last seen Price effective from Koha item type
          Koleksioni i përgjithshem UBT - Lipjan UBT - Lipjan Koleksioni i përgjithshem 03/09/2018   179.3 DEG 002-3001491 03/09/2018 03/09/2018 Books
UBT Library © 2015-2024. All rights reserved University Education for Business and Technology